=LDR 00000nam 2200000 4500 =001 000978 =005 20250712021106 =035 ##$$a 0010-0725000857 =007 ta =008 250712################a##########0#ind## =020 ##$$a 978-623-307-328-8 =082 ##$$a 398.209 598 =084 ##$$a 398.209 598 SHA k =100 #$$a Dropti Sharma =245 1#$$a Kucing yang memakan kheer /$c Dropti Sharma =250 ##$$a Cetakan Kedua =260 ##$$a Rawamangun :$b Badan Pengembangan dan Pembinaan Bahasa,$c 2022 =300 ##$$a 14 hlm. : $b Ilus. ; $c 29 cm. =650 #4$$a Cerita Anak Indonesia - Terjemahan =650 #4$$a Literasi - Bahan bacaan =856 ##$$a TBM AS SUHADA